000 00655nam a2200277Ia 4500
005 20260324130801.0
008 008 260324s9999 xx 000 0 eng d
020 _a9781351150408
037 _aEBOOK
040 _aCRL
040 _beng
040 _cCRL
041 _2eng
041 _aeng
084 _qCRL
100 _aRichard Feist; William Sweet
_91183074
245 0 _aReligion and the Challenges of Science
260 _bTaylor and Francis
260 _c2007
365 _a
365 _b230
856 _uhttp://www.taylorfrancis.com/books/9781351150408
942 _cEBOOK
999 _c1779567
_d1779567